000 00540nam a2200193 i 4500
001 57891
003 ES-MaACL
005 20230906163656.0
007 t|
008 031020s1922 fr ||||1| fre d
100 1 _aDoublet, E.
_945474
245 1 0 _aHistoire de l'astronomie /
_cE. Doublet.
260 _a[S.l. :
_bs.n.,
_c1922] (
_eSaint Amand :
_fBussière)
300 _a572 p. ;
_c18 cm.
490 1 _aEncyclopédie scientifique
830 0 _aEncyclopédie scientifique
_9180883
852 _aES-MaACL
_jD-4414
999 _c57891
_d57891